000
00201 a2200097 4500
001
37930
100
_a
Iqbal
245
_a
Kuliyat-e-Iqbal
260
_a
Lahore
_b
Alfaisal
_c
1995
090
_c
24112
_d
24112
942
_a
NUST-CAE
_c
M
_c
15684
999
_c
273003
_d
273003